000 00217nam a2200085Ia 4500
008 120527s9999 xx 000 0 und d
100 _aBowen, k. Earl
245 _aMathematics with application in management
942 _cBK
999 _c27793
_d27793